[Event "Rubinstein Memorial 34th"]
[Site "Polanica Zdroj"]
[Date "1997.??.??"]
[Round "3"]
[White "Rublevsky, Sergei"]
[Black "Ehlvest, Jaan"]
[Result "1-0"]
[WhiteElo "2650"]
[BlackElo "2610"]
[Annotator "Hansen,Cu"]
[PlyCount "61"]
[EventDate "1997.08.19"]
[EventType "tourn"]
[EventRounds "11"]
[EventCountry "POL"]
[EventCategory "16"]
[SourceTitle "CBM 061"]
[Source "ChessBase"]
[SourceDate "1997.11.23"]
[SourceVersion "1"]
[SourceVersionDate "1997.11.23"]
[SourceQuality "1"]

1. e4 {Ftacnik HarZvi,R} c5 2. Nf3 d6 3. Bb5+ Bd7 4. Bxd7+ Qxd7 5. c4 Nc6 6.
Nc3 g6 7. d4 Bg7 {HarZvi: a very very new idea played in really no more than a
few games} (7... cxd4 {HarZvi,R} 8. Nxd4 Bg7 9. Nde2 e6 10. Bf4 Rd8 11. Qd2
Nge7 12. Rd1 Ne5 13. b3 O-O 14. O-O a6 15. a4 b6 16. Bh6 N5c6 17. Bxg7 Kxg7 18.
Qe3 Qc7 19. Rd2 Rd7 20. Rfd1 Rfd8 21. Ng3 Na5 22. Nce2 d5 23. cxd5 exd5 24. Nf4
dxe4 25. Nfh5+ gxh5 26. Qg5+ Ng6 27. Nxh5+ {1-0 Berezjuk,S-Ishbulatov,S/Minsk
op 1996/EXP 52}) 8. d5 Bxc3+ 9. bxc3 Na5 10. Nd2 $5 {Rublevsky played in the
russian team, that won the gold medal in Erevan 1996. So his opinion of the
opening play in Shirov-Kasparov from that tournament is interesting.} (10. O-O
f6 11. Nd2 b6 12. Qe2 Qa4 13. f4 Nh6 14. e5 O-O-O $13 {Shirov,A-Kasparov,G/
Erevan olm 1996/CBM 55 [Shirov]}) 10... f6 11. f4 O-O-O $6 {Too early} (11...
b6 $5 {is probably better. In that case black can still castle kingside and/or
queenside so he is more flexible.}) 12. O-O b6 13. a4 {HarZvi: not like
Shirov's plan,Rublevsky wants to play on the Queen's side that's why he leaves
his Queen on d1 to control the a4 square,and now play a4 to take this square
from black's queen} (13. Qe2 {Ftacnik} Qa4 $1) 13... Nh6 {HarZvi: I do not
understand this move,since now white opens a file on the queen's side. Why
black has to allow it?} (13... Kc7 $5 {HarZvi,R} 14. Nb3 Nxb3 15. Qxb3 a5) (
13... Kb7 {Ftacnik} 14. Nb3 Nxb3 15. Qxb3 a5 16. Rb1 Qc7 17. Rf2 Ka7 18. Rfb2
Rb8 $13) (13... e5 {Ftacnik} 14. Nb3 $1 $16) 14. Nb3 $1 {Comparing with the
Shirov-Kasparov game blacks positions is now much worse. It is impossible to
avoid the opening of lines on the queenside. Which is of course why Kasparov
played his Q to a4 before long castle.} Nf7 (14... Nxc4 15. Qe2 $16 (15. Qd3 {
HarZvi,R} Na5 16. Nxa5 bxa5 17. c4 $36 {[%cal Gc1d2,Gf1b1]} f5 $6 18. e5 e6 19.
dxe6 Qxe6 20. Qf3) (15. Qe2 {Ftacnik} Na5 16. Nxa5 bxa5 17. Rb1 $1 (17. Qa6+
Qb7 18. Qxa5 f5 19. Be3 fxe4 20. Rab1 $16) 17... c4 18. Qxc4+ Qc7 19. Qa6+ Kd7
20. Rb7 $18)) (14... Nb7 {HarZvi,R} 15. a5 {[%cal Ga1a8] HarZvi: threatening
right now a6,and having very strong pressure on the a and b files}) (14... Nxb3
{Ftacnik} 15. Qxb3 f5 16. a5 bxa5 17. Rxa5 fxe4 18. Qa2 $16) 15. Nxa5 bxa5 16.
Qb3 {HarZvi: the correct move,not Rb1 as we will see when black manages to
hold his position but Qb3 when now black's position becomes very quick a very
bad one Ftacnik: White will clearly try to win with attack along the b line,
but his c1 bishop can be only of limited help. Ftacnik: Weiss will
offensichtlich mit Angriff auf der b-Linie siegen, aber sein Läufer c1 kann
dabei nur begrenzt helfen.} (16. Rb1 {HarZvi,R} Kc7 17. Rb5 $2 (17. Rf2 {
Ftacnik} Rb8 $14) 17... a6 18. Rxa5 $4 Kb6) 16... Qb7 (16... Kc7 {HarZvi,R} 17.
Qb5 Rb8 (17... Qxb5 18. axb5 (18. cxb5 c4 $8 (18... Kb6 $2 19. c4 $16 {[%cal
Gc1d2,Gd2c3]})) 18... Kb6 19. Rf2 $1 a6 20. Rfa2 (20. Rfa2 {Ftacnik} axb5 21.
Rxa5 bxc4 22. Ra6+ Kc7 23. Ra7+ $18) (20. bxa6 Kxa6 21. Rfa2 Ra8 22. Rxa5+ Kb7
$14)) 18. Qxa5+ Kc8 19. Be3 $16) 17. Qc2 (17. Qb5 {HarZvi,R} Qb6 (17... Qb6 $3
{Ftacnik} 18. Rb1 Kc7 19. Rf2 Rb8 20. Rfb2 Rhe8 $14) (17... a6 18. Qxa5 Kd7 19.
Rf2 Rb8 20. Rb2 Qa8 21. Rab1 $18)) 17... Qd7 18. Rb1 Kc7 (18... Z0 {HarZvi,R}
19. Qb3 Qc7 20. Qb5 Qb6 $8 21. Qxb6 axb6 22. Rxb6 $16) 19. e5 $1 {A very nice
P-sacrifice giving space for Bc1} (19. Rb5 {Ftacnik} a6 $1) 19... fxe5 (19...
e6 {HarZvi,R} 20. exf6 $16) (19... dxe5 $2 {HarZvi,R} 20. Qf2 (20. Rb5 {Ftacnik
} Kd6 21. Ba3 Rc8 22. Qf2 Qc7 23. Rfb1 $18) 20... Qd6 21. Ba3 $16 {/+-}) 20. f5
{Black now has to control both the b- and the f-line.} gxf5 (20... g5 {HarZvi,R
}) (20... g5 {Ftacnik} 21. f6 exf6 22. Rxf6 h6 23. Qf2 Rhf8 24. Rb5 Rb8 (24...
a6 25. Rxc5+ dxc5 26. Qxc5+ Kb8 27. Rb6+ Ka8 28. Rxa6+ Kb8 29. Rb6+ $18) 25.
Rxa5 Kc8 26. Rb5 $16) 21. Rxf5 Rdf8 $2 {HarZvi: after this black gets
immediately a lost position,it seems is only move was e6 After this mistake
whites task becomes easy} (21... Rhf8 $1 22. Qf2 (22. Be3 e6 23. Rf6 exd5 24.
cxd5 Nh8 25. Qd3 $1 Rxf6 26. Qa6 $16) 22... e6 (22... Qe8 23. Qb2 Rb8 24. Qxb8+
Qxb8 25. Rxb8 Kxb8 26. Bh6 Nxh6 27. Rxf8+ $18) 23. Rf6 exd5 24. cxd5 $40 (24.
cxd5 {HarZvi,R} Qe7 25. c4 $1 $18 Nh8 26. Qd2) (24. Bh6 {Ftacnik} Rb8 25. Rb5
Nxh6 26. Rxf8 Rxb5 27. cxb5 $16)) (21... e6 $8 {HarZvi,R} 22. Rf6 (22. dxe6
Qxe6 23. Qf2 Rd7) 22... exd5 (22... Rhe8 $2 23. dxe6 Rxe6 24. Qb2 $1 Rf8 25.
Qb7+ Kd8 26. Qxd7+ Kxd7 27. Rb7+ Kc8 28. Rfxf7 $18) 23. cxd5 Rb8 24. Rxb8 Kxb8
$14 {/+/-}) 22. Qf2 $1 Qe8 (22... e6 23. dxe6 (23. Rf6 {Ftacnik} exd5 24. cxd5
$16 (24. Bh6 Rb8 $1)) 23... Qxe6 24. Bh6 $1 $18 {The big difference between 21.
- Rdf8 and 21. - Rhf8} (24. Bh6 $1 $18 {HarZvi,R} Qxf5 (24... Nxh6 25. Rxf8
Rxf8 26. Qxf8 $18) 25. Qxf5 Nxh6 26. Qe6)) 23. Qb2 Qa8 (23... Qc8 {HarZvi,R}
24. Qb5) (23... Qb8 {Ftacnik} 24. Qxb8+ Rxb8 25. Rxb8 Rxb8 26. Rxf7 Rb1 27. Rf1
Ra1 28. Bg5 $18) 24. Qb5 $18 Nd8 (24... Rhg8 {Ftacnik} 25. Qxa5+ Kc8 26. Rf2
$16) 25. Rxf8 Rxf8 26. Bg5 Nf7 (26... Rf7 {HarZvi,R} 27. Qe8 $18 (27. Qe8 {
Ftacnik} Qc8 28. Bxe7 $18)) (26... e6 {HarZvi,R} 27. Be7 Rg8 28. Qa6 $18) 27.
Bxe7 Rb8 (27... Re8 $8 {HarZvi,R} 28. Qxa5+ Kd7 29. Bh4) 28. Qxa5+ Kd7 (28...
Kc8 {Ftacnik} 29. Rf1) 29. Rf1 {White has greater mobility so he does not want
to exchange rooks} Ke8 (29... Nh8 {HarZvi,R HarZvi: the best chance,but also
losing immediately} 30. Bxd6 $1 Kxd6 31. Qa6+ Kc7 (31... Rb6 32. Rf6+ Kc7 33.
Rxb6) (31... Kd7 32. Qe6+ Kc7 33. Qxe5+) 32. Rf6 $1 Rb1+ 33. Kf2 {HarZvi: and
the game is over}) (29... Kxe7 {Ftacnik} 30. Qc7+ Ke8 31. Qxf7+ $18) 30. Bxd6 {
Ftacnik: The triumph of the weakest piece on the board! Ftacnik: Triumph der
schwächsten Figur auf dem Brett!} Nxd6 31. Qc7 (31. Qc7 {Ftacnik} Nxc4 (31...
Rd8 32. Qg7 $18) 32. Qg7) 1-0

[Event "Vidmar Memorial 12th "]
[Site "Portoroz"]
[Date "1997.07.11"]
[Round "6"]
[White "Azmaiparashvili, Zurab"]
[Black "Zvjaginsev, Vadim"]
[Result "1/2-1/2"]
[WhiteElo "2645"]
[BlackElo "2635"]
[Annotator "Har Zvi,R"]
[PlyCount "42"]
[EventDate "1997.07.05"]
[EventType "tourn"]
[EventRounds "9"]
[EventCountry "SLO"]
[EventCategory "15"]
[SourceTitle "CBM 061"]
[Source "ChessBase"]
[SourceDate "1997.11.23"]
[SourceVersion "1"]
[SourceVersionDate "1997.11.23"]
[SourceQuality "1"]

1. e4 c5 2. Nf3 d6 3. Bb5+ Bd7 4. Bxd7+ Qxd7 5. c4 e5 6. O-O (6. Nc3 Nc6 (6...
g6 7. d3 Bg7 8. a3 (8. Nd5 Ne7 9. Nxe7 Qxe7 10. O-O Nc6 11. Ne1 f5 12. Nc2 O-O
13. Ne3 Qh4 14. f3 {1/2-1/2 Boey,J-Makarichev,S/Amsterdam IBM-B 1974/MCL 08})
8... Nc6 9. Rb1 Nge7 10. b4 O-O 11. bxc5 dxc5 12. O-O h6 13. Nd5 f5 14. Qb3 b6
15. Bd2 g5 $36 {0-1 Torre,E-Radulov,I/Leningrad izt 1973/IZT (30)}) (6... Ne7
7. d3 Nbc6 8. a3 h6 9. Rb1 a5 10. O-O g6 11. b4 axb4 12. Nd5 Nxd5 13. cxd5 Nd4
14. Nxd4 exd4 15. axb4 $36 {[%cal Gb1b7] 1/2-1/2 Keres,P-Grigorian,K/URS-ch41
Moscow 1973/URS-ch (29)}) 7. O-O (7. d3 g6 8. Nd5 (8. a3 Bg7 9. Rb1 Nge7 10. b4
b6 11. O-O O-O 12. Nd5 Nxd5 13. cxd5 Nd4 14. Nxd4 cxd4 15. Bd2 $14 {1-0
Spassky,B-Byrne,R/San Juan cqf 1974/CAND (58)}) 8... Bg7 9. a3 Nge7 10. Rb1
Nxd5 11. cxd5 Nd4 12. Nxd4 exd4 13. b4 f5 14. bxc5 dxc5 15. Qb3 b6 16. O-O fxe4
17. dxe4 Rc8 18. Qc4 O-O $132 {0-1 Tkachiev,V-Ivanchuk,V/London PCA rapid 1994/
EXP 42 (50)}) 7... Nge7 8. Nd5 Nxd5 9. cxd5 Nd4 (9... Nb4 10. d3 Be7 11. Ne1
O-O 12. Bd2 f5 13. a3 Na6 14. Nc2 fxe4 15. dxe4 c4 16. Ne3 Nc5 17. Nxc4 Nxe4
$13 {[%csl Rd5] /=/+ 0-1 Radulov,I-Smejkal,J/Leningrad izt 1973/IZT (56)}) 10.
Nxd4 cxd4 11. d3 Be7 12. Qb3 O-O 13. f4 Rac8 14. Bd2 f6 15. h3 Rc7 16. Rf2 Rfc8
17. Raf1 Rc2 18. g4 a6 19. a4 $14 {1-0 Karpov,A-Ribli,Z/EU-chT Bath 1973/
EU-chT (70)}) 6... g6 (6... Nc6 7. Nc3 (7. d3 g6 8. Ne1 Bg7 9. Nc3 Nge7 10. f4
exf4 11. Bxf4 O-O 12. Nc2 f5 13. Qd2 Rf7 14. Bh6 Bxh6 15. Qxh6 Raf8 $13 {
1/2-1/2 Belkhodja,S-Haik,A/FRA-chT 1991/TD 91\02 (31)}) 7... Nge7 8. d3 g6 9.
Bg5 Bg7 10. Nd5 Nxd5 11. cxd5 Nd4 12. Nxd4 cxd4 13. f3 O-O 14. Qb3 f5 15. Bd2
f4 16. Rac1 Rfc8 17. a4 a6 18. Rxc8+ Rxc8 19. Rc1 Rxc1+ 20. Bxc1 Bf8 21. Bd2 g5
22. Qd1 h5 23. b3 Be7 24. Kf1 Kf7 25. Be1 Ke8 {1/2-1/2 Radulov,I-Smejkal,J/
Amsterdam IBM 1973/MCL 07}) 7. Nc3 Bg7 8. d3 Ne7 9. Nh4 (9. Rb1 Nbc6 10. Bd2
O-O 11. Nd5 Nxd5 (11... Rab8 12. b4 Nxd5 13. exd5 Nxb4 14. Bxb4 cxb4 15. Rxb4
Rfe8 16. Re1 Qc7 17. Qb3 Bh6 18. g3 Re7 19. Rb1 b6 $15 {Schmid,L-Andersson,U/
Nice olm 1974/MCD-ol/0-1 (40)}) 12. cxd5 Nd4 13. Nxd4 cxd4 14. Qb3 Rfc8 15.
Rbc1 Rxc1 16. Rxc1 Rc8 17. Rc4 Rxc4 18. dxc4 Bf8 19. a4 Be7 20. a5 Bd8 21. f3
Kg7 22. Qc2 b6 23. a6 h6 {Shaked,T-Van Buskirk,C/Reno op 1994/EXT 94op/1/2-1/2
(57)}) (9. a3 Nbc6 10. Rb1 O-O 11. b4 Nd4 12. Bg5 f6 13. Be3 f5 14. Bxd4 exd4
15. Nd5 fxe4 16. dxe4 b6 17. Ne1 Rae8 18. b5 $14 {/+/- Klinova,M-Belakovskaia,
A/Erevan olw 1996/EXT 96ch2/1-0 (46)}) 9... O-O 10. f4 exf4 {this is a solid
safe move when the big question now is whether a  draw will be reached in 10
moves or in 15 moves?!if black wishes to play, than his move must be 10...f5
with unclear position} (10... f5 $5) (10... Nbc6 $2 11. f5 {[%csl Rg7]}) 11.
Bxf4 Nbc6 (11... h6 $5 {this was black's last chance for some play,but black
really should mind making a draw in this position} 12. Be3 $5 (12. Nf3 Nbc6 13.
Qd2 Kh7 (13... g5 14. Bg3 f5)) 12... Nbc6 13. Qd2 Kh7 14. Rf2 $11) 12. Qd2 f5
13. Bh6 Nd4 (13... fxe4 14. Nxe4 (14. dxe4) 14... Nd4 15. Bxg7 Kxg7 16. Rae1
$11) 14. Bxg7 Kxg7 15. exf5 Nexf5 16. Nxf5+ Rxf5 17. Rxf5 Nxf5 18. Re1 Re8 19.
Nd5 Re6 20. Nf4 Rxe1+ 21. Qxe1 Qe7 {now you can see what I mean when I say
that after 10...exf4 the question is how fast will a draw be made!} 1/2-1/2

[Event "Skolernes Skakklub"]
[Site "Aarhus"]
[Date "1997.06.26"]
[Round "7"]
[White "Adams, Michael"]
[Black "Kengis, Edvins"]
[Result "1-0"]
[WhiteElo "2665"]
[BlackElo "2585"]
[Annotator "Har Zvi,R"]
[PlyCount "81"]
[EventDate "1997.06.20"]
[EventType "tourn"]
[EventRounds "9"]
[EventCountry "DEN"]
[EventCategory "14"]
[SourceTitle "CBM 060"]
[Source "ChessBase"]
[SourceDate "1997.09.29"]
[SourceVersion "1"]
[SourceVersionDate "1997.09.29"]
[SourceQuality "1"]

1. e4 c5 2. Nf3 e6 3. b3 d6 4. Bb5+ Bd7 5. Bxd7+ Nxd7 6. O-O Ngf6 7. Qe2 Be7 8.
Bb2 O-O 9. c4 a6 (9... Qc7 10. d4 cxd4 11. Nxd4 a6 12. Nc3 Rfe8 13. Rad1 (13.
f4 Qc5 14. Na4 (14. Rad1 $4 e5 15. Na4 Qa7) 14... Qh5 15. Qxh5 Nxh5 16. f5 Bf6
17. fxe6 fxe6 18. Rad1 $14 {Tal,M-Miles,A Riga izt 1979}) 13... Qc5 (13... d5
$6 14. cxd5 exd5 15. Nf5 dxe4 16. Nd5 $1 Nxd5 17. Qg4 g6 18. Rxd5 Rad8 (18...
Nf6 19. Bxf6 Bxf6 20. Rd7 {[%cal Gf5h6]}) 19. Rc1 Nc5 20. Nh6+ Kf8 21. Rf5 $1
f6 22. Bxf6 {1-0 Ulibin,M-Knoppert,E Leeuwarden op 1993}) 14. Rd3 {the rook is
taking a big part in the attack by putting pressure on the g7 square from g3}
Ne5 15. Na4 Qa5 16. Rh3 Ng6 17. f4 e5 18. Nf5 Nxf4 (18... exf4 19. Bxf6 Bxf6
20. Qh5 Kf8 $8 21. Qxh7 {[%cal Gh7h8]} Ne7 22. Nxd6) 19. Rxf4 exf4 20. Bc3 $1 (
20. Nxe7+ Rxe7 21. Bxf6 gxf6 22. Qg4+ Qg5) 20... Qd8 21. Nxg7 $1 $40 {/+- 1-0
Akopian,V-Illescas Cordoba,M/Ubeda 1997 (38) CBM 58 [Har-Zvi,R]}) 10. d4 cxd4
11. Nxd4 Rc8 (11... Re8 12. Nc3 Rc8 13. Rad1 Bf8 14. Kh1 g6 15. f4 Rc5 16. Nf3
$14 {Ulibin,M-Neverov,V Voskresensk 1990}) (11... Qa5 12. Nc3 Rfc8 13. Rad1
Rab8 14. Kh1 Bd8 15. f4 Qh5 16. Nf3 Bc7 $13 {Grosar,A-Tukmakov,V Portoroz 1996}
) (11... Qb6 12. Kh1 (12. Nc2 Rac8 13. Nc3 Rfe8 14. Kh1 Qc5 15. Rac1 Qh5 16.
Qxh5 Nxh5 17. g3 $14 {Adams,M-Tiviakov,S New-York (m/2) 61/(204) 1994}) (12.
Rd1) 12... Qc5 (12... Rfe8 13. f4 g6 14. Nf3 Bf8 15. Nc3 Bg7 16. e5 dxe5 17.
fxe5 Ng4 18. Ne4 Ngxe5 19. Nxe5 Nxe5 20. Nf6+ Bxf6 21. Rxf6 $44 {[%cal Ga1h8]
Ulibin,M-Sherbakov,R Cheliabinsk-A 1991}) 13. f4 (13. Rd1) 13... Rfe8 14. Nf3
b5 15. e5 $5 (15. Nbd2 bxc4 16. Nxc4 d5 17. exd5 Nxd5 $13) 15... Ng4 16. Nd4
dxe5 17. Nxe6 fxe6 18. Qxg4 Bf6 19. fxe5 (19. Nc3) 19... Bxe5 20. Nc3 $13 {
0-1 Ricardi,P-Wolff,P/Najdorf Buenos Aires (1) 1997 (41) CBM 60 [Har-Zvi,R]})
12. Nc3 (12. Nd2 Re8 13. Rac1 Bf8 14. a3 Qc7 15. b4 Qb8 16. N4b3 e5 17. Rfd1 b6
18. Nf1 a5 $13 {Chiburdanidze,M-Kotronias,V Geneve 1990}) 12... Qa5 (12... Qb6
13. Rad1 Ne5 14. Kh1 Nc6 15. Nc2 Rfe8 16. f4 Qa5 17. a3 Qh5 18. Rf3 Rcd8 $13 {
Azmaiparashvili,Z-Chernin,A Tilburg 1994}) 13. Rad1 Qh5 (13... Rfe8) 14. f3 (
14. Qxh5 Nxh5 {is similar to the game Adams,M-Tiviakov,S New-York 1994 which
is mentioned above,white is maybe very slightly better,but black can and
should be draw this position}) 14... Rfe8 15. Kh1 Bf8 16. Qe1 {white wants to
play on the King's side of course,but not changing that's why he needed f3 and
Qe1 to be able to play now f4,this is not really waste of time since black
lost one tempi by playing Qh5,when the Queen on h5 is not very good} Qa5 (16...
d5 $6 17. g4 $1 Qe5 (17... Qg5 18. Bc1 Qe5 19. exd5 exd5 20. Qxe5 Rxe5 21. g5
Bb4 22. Nde2 $16) 18. exd5 exd5 19. Qxe5 Rxe5 20. f4 Ree8 21. g5 $16) 17. f4 e5
18. fxe5 Qxe5 $2 {after this move black first must morwe his queen from the
a1-h8 diagonal as quick as possible,socondly he has a very weak d6 pawn [ and
indeed in the end he will lose this pawn ],and in this game he was not able to
create counter-play,after 18...dxe5 and b5 he has some play with an unclear
position} (18... Nxe5 $6 19. Nd5 Qxe1 20. Nxf6+ gxf6 21. Rfxe1 $16) (18... dxe5
$142 $5 19. Nf5 b5 $13 20. Qg3 g6) 19. Qf2 {[%cal Gd4f5]} Qh5 {we are now on
move 19,when black has already played 5 moves with his queen 4 of them along
the fifth rank,I do not think this is a good sign} 20. Nf5 {[%csl Rd6]} Nc5 (
20... Nxe4 $4 21. Nxe4 Rxe4 22. Ng3 $18) (20... Rc6 21. Nd5 $1 Nxe4 22. Qf4
Nec5 (22... f6 23. Rde1 g5 24. Qf3 g4 25. Qf4) 23. Bxg7 $1 Bxg7 24. Qg3 Ne6 25.
Rde1 $18 {and the game is over}) 21. Qf3 $1 Qxf3 (21... Kh8 22. Qxh5 Nxh5 23.
Nxd6 Bxd6 24. Rxd6 Nxe4 25. Nxe4 Rxe4 26. Rd7 $16) (21... Rcd8 22. Nd5 $1 Ncxe4
23. Qxh5 Nxh5 24. Nc7 $18 {[%csl Re8]}) 22. gxf3 $16 {[%csl Rd6][%cal Gg1g8,
Ga1h8] now we can in the clearest way the damages of black's 18 move Qxe5} Re6
(22... Rcd8 23. Nd5 $5 Nxd5 24. Nh6+ $1 Kh8 (24... gxh6 25. Rg1+) 25. Rxd5 (25.
Nxf7+ $4 Kg8 26. Nxd8 Ne3) 25... Rd7 26. Rfd1 Ne6 27. Nf5 $16) 23. Nd5 $1 Nh5 (
23... Nxd5 24. cxd5 Rg6 25. Bc1 {threatening Nh4 and after Rf6 Bg5 winning an
exchange} Rf6 $8 (25... h6 26. Nh4 Rf6 27. Bb2 Rf4 28. Ng2) 26. Nh4 $1 {
[%cal Gc1g5]} Re8 (26... Be7 27. Rg1 $1 $18 {[%cal Gc1b2,Gc1g5]} (27. Bg5 $6
Nxe4 28. Bxf6 (28. fxe4 $4 Rxf1+ 29. Rxf1 Bxg5) 28... Nxf6 $16)) 27. Bg5 Nxe4
28. fxe4 Rxf1+ 29. Rxf1 Rxe4 30. Nf3 $16 {/+-}) 24. Rg1 {white threat is Rg5
and Rxh5,and despite the fact that black has the move now he can not prevent
this} g6 (24... h6 25. Bxg7 $1 Nxg7 26. Rxg7+ Bxg7 27. Nde7+ $18) 25. Rg5 h6 (
25... f6 26. Rxh5 gxh5 27. Nf4 $16 (27. Nxf6+ Kf7 28. Nxh5 $16 (28. Nxh7 $16)))
26. Rxh5 gxh5 27. Nf6+ Rxf6 (27... Kh8 28. Nxh5+ Kh7 29. Nf6+ Kh8 30. Rg1 Rxf6
31. Bxf6+ Kh7 32. Rd1 $18) 28. Bxf6 $18 {[%csl Rd6,Rh5,Rh6][%cal Gd1g1,Gg1g8]}
b5 (28... Rc6 29. Rg1+ (29. Ne7+ Bxe7 30. Bxe7) 29... Kh7 30. Bg7 Rc8 31. Bxf8
Rxf8 32. Rd1 $18) 29. cxb5 axb5 30. Nxd6 Ra8 (30... Bxd6 31. Rxd6 Ne6 32. Rd2)
31. b4 Ne6 (31... Nd7 32. Bc3 Rxa2 33. Nxb5) 32. Nxb5 Rxa2 33. Nc3 Rf2 34. b5
Bc5 (34... Rxf3 35. b6 Nc5 36. Bd4 Kh7 (36... Nb7 37. Rg1+ Kh7 38. Nd5 $18) 37.
Kg2 Rf4 38. h3 $1 {[%cal Gd4e5]}) 35. Nd5 Rxf3 36. Rb1 Nf4 37. Nxf4 Rxf4 38.
Bd8 Rxe4 39. b6 Rb4 40. Rxb4 Bxb4 41. Bh4 $1 {[%cal Gb6b7,Gh4g3]} 1-0

[Event "Tilburg Fontys"]
[Site "Tilburg"]
[Date "1998.10.30"]
[Round "7"]
[White "Zvjaginsev, Vadim"]
[Black "Sadler, Matthew D"]
[Result "1/2-1/2"]
[WhiteElo "2650"]
[BlackElo "2660"]
[Annotator "Har Zvi,R"]
[PlyCount "77"]
[EventDate "1998.10.23"]
[EventType "tourn"]
[EventRounds "11"]
[EventCountry "NED"]
[EventCategory "18"]
[SourceTitle "EXT 1999"]
[Source "ChessBase"]
[SourceDate "1998.11.16"]
[SourceVersion "1"]
[SourceVersionDate "1998.11.16"]
[SourceQuality "1"]

1. e4 c5 2. Nf3 d6 3. Bb5+ Bd7 4. Bxd7+ Nxd7 5. O-O e6 6. Qe2 (6. b3 {this was
the only game I found with a similar idea to the game -Ne7 since in all other
gaems black is playing Ngf6 automatically} Be7 7. Bb2 Bf6 8. c3 Ne7 9. d4 O-O
10. Re1 Nc6 11. Na3 Qb8 12. Qe2 a6 13. Nc4 $13 {1-0 Grosar,A-Danner,G/EU-chTM
1997/EXP 57/[Hecht] (58)}) 6... Ne7 $5 {an new move according to my data,I
have never seen this idea before} 7. c3 Ng6 8. d4 Be7 9. g3 $5 {[%csl Gf4,Gh4]
[%cal Gh2h4] controling the important "f4" sqaure and prepering h4} O-O 10. h4
{[%cal Gh4h5]} cxd4 $1 {the best way to prevent "h5' by white is not a direct
such as "h5" but a stronger move} (10... h5 11. Ng5 {[%csl Rh5]}) 11. cxd4 Qa5
{[%cal Ga5h5]} 12. Nfd2 (12. Nc3 $5) 12... Rfc8 13. Nb3 Qc7 14. Nc3 $14 {
/= I prefer white here,he has I believe slight but quite abvious advantage,
mainly a space advantage ,but black has no weakness and it does not seem so
terrible for him} Ngf8 15. Be3 Nb6 16. d5 $5 Nc4 (16... exd5 $6 17. Bxb6 Qxb6
18. Nxd5 $16) 17. dxe6 Nxe6 {at first sight I thought white should be clearly
better for white because of his control over the "d5" square ,but white has
one problem his "b3" knight and the "b2" pawn which is under attack} (17...
fxe6 $5) 18. Nd5 Qd8 19. Bd4 $6 (19. Rac1 $5 Nxe3 (19... b5 20. Nd4 $14 {/+/-})
20. Qxe3 $14) 19... Nxd4 20. Nxd4 Nb6 $1 {a very strong move,the knight on
"d5" should be exchanged,this is the way to do it} 21. Nxb6 Qxb6 22. Nf5 Bf6
23. Rad1 Rc6 {black has only one weakness the "d6" pawn ,it's cleat white is
better but,black has to play one or two good moves in order to make a draw} 24.
Rd2 Re8 $1 {[%csl Re4]} 25. Rfd1 Re6 26. Qd3 {[%cal Gf5e3,Ge3d5]} g6 27. Nh6+ (
27. Ne3 $5 Qa6 $5 $11 (27... Qb4 28. Nd5 Qc4 29. Qe3 $14)) 27... Kg7 28. Ng4 h5
29. Nxf6 Rxf6 $11 30. Qd4 Qxd4 31. Rxd4 Re6 32. f3 Kf6 33. Kf2 Ke7 34. Ke3 Re5
35. b4 a5 36. a4 axb4 37. Rxb4 b6 38. Rd5 Rxd5 39. exd5 1/2-1/2